书目信息 |
| 题名: |
团支部工作实务
|
|
| 作者: | 穆宪 主编 | |
| 分册: | ||
| 出版信息: | 北京 中国青年出版社 2001 |
|
| 页数: | 197页 | |
| 开本: | 32开 | |
| 丛书名: | ||
| 单 册: | ||
| 中图分类: | D297 | |
| 科图分类: | ||
| 主题词: | 中国共产主义青年团--团支部--共青团工作 | |
| 电子资源: | ||
| ISBN: | 7-5006-4354-3 | |
| 000 | 00610nam0 2200205 45 | |
| 001 | 0210221041 | |
| 005 | 20031219104058.9 | |
| 010 | @a7-5006-4354-3@dCNY10.40 | |
| 100 | @a20021022d2001 km y0chiy0120 ea | |
| 101 | 0 | @achi |
| 105 | @a z 000yy | |
| 200 | 1 | @a团支部工作实务@ATuan Zhi Bu Gong Zuo Shi Wu@f穆宪主编@FMu Xian Zhu Bian |
| 210 | @a北京@c中国青年出版社@d2001 | |
| 215 | @a197页@d32开 | |
| 300 | @a共青团中央教材编审委员会统编教材 | |
| 606 | 0 | @a中国共产主义青年团@x团支部@x共青团工作 |
| 690 | @aD297@v4 | |
| 701 | @a穆宪@4主编 | |
| 801 | @aCN@bTSTC@c20021022 | |
| 905 | @b315864-866@dD297@e16@f3 | |
| 团支部工作实务/穆宪主编.-北京:中国青年出版社,2001 |
| 197页;32开 |
| 共青团中央教材编审委员会统编教材 |
| ISBN 7-5006-4354-3:CNY10.40 |
| ● |
| 相关链接 |
|
|
|
|
正题名:团支部工作实务
索取号:D297/16
 
预约/预借
| 序号 | 登录号 | 条形码 | 馆藏地/架位号 | 状态 | 备注 |
| 1 | 0315864 | 203158643 | 第一借阅区/ [索取号:D297/16] | 在馆 | |
| 2 | 0315865 | 203158652 | 第一借阅区/ [索取号:D297/16] | 在馆 | |
| 3 | 0315866 | 203158661 | 第一样本阅览室/ [索取号:D297/16] | 在馆 |